Ensayos sobre teoría monetaria / (Registro nro. 12196)

Detalles MARC
000 -LEADER
fixed length control field 01301nam a2200265Ia 4500
003 - CONTROL NUMBER IDENTIFIER
control field OSt
005 - DATE AND TIME OF LATEST TRANSACTION
control field 20210817165619.0
008 - FIXED-LENGTH DATA ELEMENTS--GENERAL INFORMATION
fixed length control field 210310s1956 sp gr 000 0 spa d
040 ## - CATALOGING SOURCE
Original cataloging agency CO-JMCR
Transcribing agency CO-JMCR
041 ## - LANGUAGE CODE
Language code of text/sound track or separate title spa
Language code of original eng
082 04 - DEWEY DECIMAL CLASSIFICATION NUMBER
Classification number 332.04 /
Item number R649e
Edition number 23
100 1# - MAIN ENTRY--PERSONAL NAME
Personal name Robertson, D.H.,
Relator term autor
9 (RLIN) 27556
245 10 - TITLE STATEMENT
Title Ensayos sobre teoría monetaria /
Statement of responsibility, etc. D. H. Robertson ; traducción del inglés por José Fuentes Ruiz
250 ## - EDITION STATEMENT
Edition statement Segunda edición
260 ## - PUBLICATION, DISTRIBUTION, ETC.
Place of publication, distribution, etc. Madrid, España :
Name of publisher, distributor, etc. Aguilar,
Date of publication, distribution, etc. 1946.
300 ## - PHYSICAL DESCRIPTION
Extent 256 páginas ;
Dimensions 22 cm.
490 0# - SERIES STATEMENT
Series statement Biblioteca de ciencias sociales :
-- Economía
501 ## - WITH NOTE
With note Con: notas a pie de página.
505 ## - FORMATTED CONTENTS NOTE
Formatted contents note Palabras y hechos. -- El aspecto momentáneo. -- Perspectivas más lejanas IV. Interés a corto y a largo plazo. -- Conclusión. -- Teorías sobre política bancaria iii.-la crisis de 1931. -- Ahorro y atesoramiento. -- La fluctuación industrial y el tipo natural de interés. -- Una nota sobre la teoría del dinero. -- El futuro de la teoría del ciclo industrial. -- La serpiente y la oruga. -- La demanda efectiva y el multiplicador.
650 14 - SUBJECT ADDED ENTRY--TOPICAL TERM
Topical term or geographic name entry element Dinero
9 (RLIN) 27558
650 24 - SUBJECT ADDED ENTRY--TOPICAL TERM
Topical term or geographic name entry element Ciclos de negocios
9 (RLIN) 39441
650 24 - SUBJECT ADDED ENTRY--TOPICAL TERM
Topical term or geographic name entry element Economía keynesiana
9 (RLIN) 4935
700 1# - ADDED ENTRY--PERSONAL NAME
Personal name Fuentes Ruiz, José,
Relator term traductor
9 (RLIN) 39442
942 ## - ADDED ENTRY ELEMENTS (KOHA)
Source of classification or shelving scheme Dewey Decimal Classification
Koha item type Books
Existencias
Withdrawn status Lost status Source of classification or shelving scheme Damaged status Not for loan Home library Current library Shelving location Date acquired Source of acquisition Full call number Barcode Date last seen Copy number Price effective from Koha item type
    Dewey Decimal Classification     Biblioteca Pública José María del Castillo y Rada Biblioteca Pública José María del Castillo y Rada General Stacks 04/15/2018 Donación 332.04 / R649e 430002525 05/16/2024 Ej.1 03/10/2021 Books